000 01386nam0a22003011 4500
001 rc\216159
005 20250612172324.0
010 _a5-87334-012-9
_93000
035 _a(NLR Aleph) 008750744
090 _a7805812
_c7805812
100 _a20030307d1997 |||y0rusy50 ca
101 0 _arus
102 _aRU
105 _aa |||||||||
200 1 _aМоя жизнь в балете
_fЛеонид Мясин
_g[Пер. с англ. М.М. Сингал
_gПредисл. Е.Я. Суриц
_gКоммент. Е. Яковлевой]
210 _aМ.
_cАртист. Режиссер. Театр
_d1997
215 _a366 с.
_cил., портр.
_d20
225 1 _aBalets russes
320 _aБиблиогр. в подстроч. примеч.
320 _aСписок поставок Л. Мясина: с. 348-357
327 0 _aВ кн. также: Фрагменты из монографии Е. Сурид "Леонид Федорович Мясин"
464 0 _12001#$aФрагменты из монографии Е. Сурид "Леонид Федорович Мясин"
_tФрагменты из монографии Е. Сурид "Леонид Федорович Мясин"
700 1 _aМясин
_bЛ.Ф.
_f1895-1979
_gЛеонид Федорович
801 0 _aRU
_bNLR
_gpsbo
801 1 _aRU
_bELAR
_2rusmarc
852 _aNLR
_j97-3/7775
942 _cBOOK
980 _aNB